| 000 | 00584nam a2200157 a 4500 | ||
|---|---|---|---|
| 001 | 000039466 | ||
| 005 | 20201002031649.0 | ||
| 008 | 130701s2007 dr 000 0 spa d | ||
| 040 |
_aDO-SdBNP _bspa _cBNPHU |
||
| 110 | 2 |
_aRepública Dominicana. _9447 |
|
| 240 | 1 | 0 | _a[Leyes, etc.] |
| 245 | 1 | 0 | _aLey No. 65-00 sobre derecho de autor promulgada el 24 ce julio del 2000. |
| 246 | 1 | 0 | _aLey No. 65-00 sobre derecho de autor del 14 de marzo del 2001 G.O. 10070 y su reglamento de aplicación no. 362-01 |
| 260 |
_aSanto Domingo : _b[Congreso Nacional], _c2007. |
||
| 300 |
_a126 p. ; _c23 cm. |
||
| 999 |
_c38956 _d38956 |
||